00753cam a2200229 a 4500001000800000005001700008008004100025010001700066020001500083040001800098041000800116080001500124082001900139100000600158101000800164245011200172504005100284906004500335942001200380999001700392952011400409495133420171211052745.0960424s1996 moua b 001 0 eng  a 96141252  a0815133405 aDLCcDLCdDLC aeng a615.83 FRO00a616.12062 220 a8 aEGF00aPrinciples and practice of cardiopulmonary physical therapy /cedited by Donna Frownfelter, Elizabeth Dean. aIncludes bibliographical references and index. a7bcbccorignewd2encipf19gy-gencatlg 2ddccBK c38855d38855 00102udc40708PËKGa002b002cPËKGd2017-12-11l0o615.83 FROp002-2939395r2017-12-11w2017-12-11yBK